• 首页
  • 本馆介绍
  • 公告通知
  • 最新文献
  • 馆藏检索
  • 电子资源
  • 读者导购
  • 参考咨询
  • 我的图书馆
  • 登录
  • 详细信息显示
  • 放入我的书架
  • 预约/预借图书
  • 作者相关作品
  • 分类相关作品
  • 丛书相关作品
  • 出版社相关作品

书目信息

  • 表格格式
  • 工作单格式
  • 卡片格式
题名:
生物地球化学过程与地表物质循环
    
 
作者: 刘丛强 著
分册:  
出版信息: 北京   科学出版社  2007
页数: 11,608页
开本: 29cm
丛书名:
单 册:
中图分类: P931.5 , P641.3
科图分类:
主题词: 岩溶地貌--水文化学--地球化学--研究--西南地区 , 岩溶地貌 , 水文化学 , 地球化学
电子资源:
ISBN: 978-7-03-018642-3
000 01228nam0 2200289 450
001 003423784
005 20221010163228.46
010    @a978-7-03-018642-3@b精装@dCNY240.00
035    @a003423784
100    @a20070226d2007 em y0chiy0110 ea
101 0  @achi
102    @aCN@b110000
105    @aa z 000yy
200 1  @a生物地球化学过程与地表物质循环@Asheng wu di qiu hua xue guo cheng yu di biao wu zhi xun huan@e西南喀斯特流域侵蚀与生源要素循环@Exi nan ka si te liu yu qin shi yu sheng yuan yao su xun huan@f刘丛强等著@Fliu cong qiang deng zhu
210    @a北京@c科学出版社@d2007
215    @a11,608页@c照片,图@d29cm
330    @a本书是一本有关喀斯特流域-湖泊物质的水文地球化学循环及其生态环境效应研究的系统成果专著,系统介绍了作者对我国西南喀斯特地区大气沉降物、喝水、地下水、湖泊水体的地球化学组成特征、变化规律等的研究成果。
517 1  @a西南喀斯特流域侵蚀与生源要素循环@Axi nan ka si te liu yu qin shi yu sheng yuan yao su xun huan
606 0  @a岩溶地貌@x水文化学@x地球化学@x研究@y西南地区
606 0  @a岩溶地貌
606 0  @a水文化学
606 0  @a地球化学
690    @aP931.5@v4
690    @aP641.3@v4
701  0 @a刘丛强@Aliu cong qiang@4著
801  0 @aCN@bNLC@c20070805
905    @dP931.5@e115@f1
    
    生物地球化学过程与地表物质循环:西南喀斯特流域侵蚀与生源要素循环/刘丛强等著.-北京:科学出版社,2007
    11,608页:照片,图;29cm
    
    
    ISBN 978-7-03-018642-3(精装):CNY240.00
    本书是一本有关喀斯特流域-湖泊物质的水文地球化学循环及其生态环境效应研究的系统成果专著,系统介绍了作者对我国西南喀斯特地区大气沉降物、喝水、地下水、湖泊水体的地球化学组成特征、变化规律等的研究成果。
●
相关链接 在E读中查询图书 在五车中查询图书 在当当中查询图书 在豆瓣中查询图书


正题名:生物地球化学过程与地表物质循环     索取号:P931.5/115         预约/预借

序号 登录号 条形码 馆藏地/架位号 状态 备注
1 0852879   208528798   第二样本阅览室/ [索取号:P931.5/115] 在馆    
唐山师范学院图书馆 欢迎您!
大连网信软件有限公司© 版权所有